| 000 | 00832cam a2200217 i 4500 | ||
|---|---|---|---|
| 005 | 20260115112803.0 | ||
| 008 | 250721s2006 sy gr 000 0 ara d | ||
| 082 | 1 | 4 |
_a320.9563 _bر ب ي |
| 100 | 1 |
_aالربيعي، فاضل _eمؤلف. |
|
| 245 | 1 | 2 |
_aالخوذة والعمامة : _bالإحتلال الأمريكي وموقف المرجعية الدينية في العراق / _cفاضل الربيعي. |
| 250 | _aالطبعة الاولى. | ||
| 264 | 3 | 1 |
_aدمشق : _bدار الفرقد، _c2006. |
| 300 | _a235 صفحة. | ||
| 650 | 1 | 7 | _aالعراق. |
| 650 | 1 | 7 | _aالأحوال السياسية. |
| 650 | 1 | 7 | _aالإستعمار الأمريكي. |
| 650 | 1 | 7 | _aالشيعة. |
| 650 | 1 | 7 | _aالقوة في العلاقات الدولية. |
| 942 |
_2ddc _cBK |
||
| 999 |
_c109223 _d109223 |
||